000 04383nam a22003857i 4500
001 2856
003 gtuscu
005 20260513151608.0
007 ta
008 260513e1999 gt a|||| |||| 00| 0 spa d
040 _agtuscu
_bspa
_cgtuscu
_dgtuscu
_erda
082 0 4 _aCEUR 303.485 L471
245 1 _aLecturas sobre población, vulnerabilidad y riesgo /
_ccompilador José Florentín Martínez López
264 1 _aGuatemala:
_bUniversidad de San Carlos de Guatemala, Centro de Estudios Urbanos y Regionales,
_c1999.
300 _a165 páginas :
_bilustraciones blanco y negro;
_c20.5 cm
336 _2rdacontenido
_atexto
_btxt
337 _2rdamedio
_asin mediación
_bn
338 _2rdasoporte
_avolumen
_bnc
490 _aTextos de apoyo a la docencia ;
_vNo. 01/99
505 0 _gPresentación --
505 0 _gLectura No. 1
_rGilberto Romero y Andrew Maskrey
_tComo entender los desastres naturales --
505 0 _gLectura No. 1
_rAllan Lavell
_tCiencias Sociales y desastres naturales en América --
505 0 _gLectura No. 3
_rAndrew Maskrey
_tVulnerabilidad y mitigación de desastres --
505 0 _gLectura No. 4
_rAllan Lavell
_tUn encuentro conla verdad: los desastres en América Latina durante 1998 --
505 0 _gLectura No. 5
_rGisella Gellert
_tAtención de desastres en Guatemala --
505 0 _gLectura No. 6
_rGisella Gellert
_tComunidades vulnerables a desastres en el área metropolitana de Guatemala --
505 0 _gAnexos --
505 0 _rOmar Darío Cardona A.
_tConceptos para el estudio de vulnerabilidad y riesgo --
505 0 _rJosé Florentín Martínez López
_tAsentamientos rurales post-mitch. Soluciones habitacionales inciertas --
505 0 _rDr. Rolando Morgan Sanabria
_tEl plan de investigación --
520 2 _aTomado de la presentación. El Centro de Estudios Urbanos y Regionales desde hace varios años viene apoyando al Departamento de Prácticas Estudiantiles en la Comunidad y Experiencias Docentes (PECED) de la Facultad de Ciencias Económicas en la planificación de la práctica llevada a cabo por estudiantes al finalizar el segundo año de estudios. En el presente se estudiarán las condiciones de vida de la población ubicada en zonas de vulnerabilidad física. Para ello hay que tomar en cuenta que amplios sectores de la población por muchos años han sido afectados en su poder adquisitivo. Esto ha desmejorado su nivel de vida cayendo en pobreza extrema. Paralelamente varias familias disminuyeron su capacidad de ahorro, limitándose la adquisición de bienes duraderos, entre ellos la vivienda. Aunado a ello, los gobiernos recientes promovieron que el Estado abandonará su protagonismo en programas de vivienda popular para convertirse en un garante financiero de empresas lotificadoras. Ante ello las familias en pobreza en el área urbana han conformado asentamientos en: laderas, barrancos, o a lo largo de la línea del ferrocarril concesionado. En ellos, las viviendas están construidas a base de lepas, láminas, y sin acceso adecuado a servicios básicos urbanos. La ocupación de aquellos terrenos acrecienta ña vulnerabilidad de los hogares. En ellos se tiene la probabilidad de sufrir daños al ocurrir fenómenos repentinos e inesperados de origen geológico, hidrológico o atmosférico. Por ejemplo, los temblores, terremotos, erupciones volcánicas y huracanes pueden generar inundaciones, derrumbes, deslaves y/o epidemias. Al afectar a la población y a sus bienes materiales se convierten en desastres. Tal como ocurrió a finales del año de 1998, al ocurrir el huracán Mitch. En el Área Metropolitana las pérdidas humanas en su mayoría ocurrieron en los asentamientos precarios. Asimismo es necesario tener presente que el nuevo conocimiento se nutre del conocimiento validado existente. En el área de estudio de la vulnerabilidad y el riesgo, las investigaciones realizadas no son muy conocidas. Es por ello que se presenta una colección de artículos que recogen las concepciones más recientes sobre dicha problemática. Estas constituyen bibliografía especializada. Con ello se pretende apoyar las investigaciones que se emprendan en el futuro cercano.
650 1 4 _aDesastres naturales
_zGuatemala
_2LEMB
_9125
700 1 _aMartínez López, José Florentín
_d1956-2023
_912
_eeditor y diagramador
942 _2ddc
_cBK
_n0
_hCEUR 303.485 L471
999 _c2856
_d2856